| 000 | 00697nam a2200241Ia 4500 | ||
|---|---|---|---|
| 005 | 20251020182514.0 | ||
| 008 | 200515s9999 xx 000 0 und d | ||
| 020 | _a84-7087-163-3 | ||
| 082 | _a658.324/M79 | ||
| 100 | _aMoro Visconti, Giancarlo | ||
| 245 | 0 | _aLa participación de los trabajadores en las decisiones de la empresa: Un análisis profundo de la estructura económico-social de la empresa | |
| 250 | _a2a ed. | ||
| 260 | _aZaragoza | ||
| 260 | _bEditorial Distresa | ||
| 260 | _c1982 | ||
| 300 | _a198 p. | ||
| 500 | _a1 ejemplar | ||
| 650 | _aADMINISTRACIÓNS DE EMPRESAS | ||
| 650 | _aEMPRESAS | ||
| 650 | _aPARTICIPACIÓN LABORAL | ||
| 942 | _cLIB | ||
| 999 |
_c1540 _d1540 |
||